Children's illustrated dictionary
| Main Author: | |
|---|---|
| Other Authors: | , |
| Format: | Book |
| Published: |
United Kingdom :
Parragon Book ,
2005
|
| Subjects: |
MARC
| LEADER | 00000cam a2200000 7i4500 | ||
|---|---|---|---|
| 001 | 0000025330 | ||
| 005 | 20090312.0 | ||
| 008 | 090218 | ||
| 020 | |a 1405454571 | ||
| 090 | 0 | 0 | |a DIC |b ENG |
| 100 | 1 | |a Grisewood, John | |
| 245 | 1 | 0 | |a Children's illustrated dictionary |c John Grisewood ...[et al.] |
| 260 | |a United Kingdom : |b Parragon Book , |c 2005 | ||
| 650 | 0 | |a Children's |x dictionaries | |
| 650 | 0 | |a Illustration |x Children's dictionaries | |
| 700 | 1 | |a Morris, Neil | |
| 700 | 1 | |a Morris, Ting | |
| 999 | |a 0001039409 |b Book |c REFERENCE |e Perbadanan Perpustakaan Awam Johor | ||